MARC

LEADER 00000nam0a2200000 4500
001 368100
005 20241127161714.0
035 |a (RuTPU)RU\TPU\retro\25463 
090 |a 368100 
100 |a 20220330d1980 m y0rusy50 ca 
101 0 |a rus 
102 |a UA 
105 |a y j 001zy 
200 1 |a История СССР. Поступающим в вузы  |e [учебное пособие]  |f Ю. Ю. Кондуфор, В. Н. Котов 
205 |a 2-е изд., испр. 
210 |a Киев  |c Вища школа  |d 1980 
215 |a 360 с. 
320 |a Библиография в ссылках 
606 |a Россия  |x История  |9 81526 
610 1 |a учебные пособия 
610 1 |a докапиталистические формации 
610 1 |a Древний мир 
610 1 |a феодализм 
610 1 |a капиталистические отношения 
610 1 |a революционные движения 
610 1 |a капиталистическое общество 
610 1 |a революционно-демократический этап 
610 1 |a империализм 
610 1 |a пролетариат 
610 1 |a Февральская революция 1917 
610 1 |a Октябрьская революция 1917 
610 1 |a социализм 
610 1 |a Советская власть 
610 1 |a народное хозяйство 
610 1 |a Великая Отечественная война 1941-1945 
610 1 |a развитой социализм 
686 |a Т3(2)я7  |2 rubbk 
700 1 |a Кондуфор  |b Ю. Ю.  |g Юрий Юрьевич 
701 1 |a Котов  |b В. Н.  |g Виктор Никифорович 
801 1 |a RU  |b 63413507  |c 20220330 
942 |c BK